00501nam a22001577a 450000500170000000800410001702000150005804100130007308200150008610000470010124500760014825000200022426000470024430000260029165000260031720231108075212.0231108b |||||||| |||| 00| 0 eng d a0702159174 aEnglish  a346.4 VAN  aVan der Walt, AJ and Pienaar, GJ lEnglish aIntroduction to the Law of Property / cAJ Van der Walt and GJ Pienaar  aFourth Edition  aCape Town : bJuta and Company Ltd, c2002 b388 pages ; c25 cm.  aLegal practice bLaw